Διαβάζοντας στη Χάννα

Αποθηκεύτηκε σε:
Λεπτομέρειες βιβλιογραφικής εγγραφής
Κύριος συγγραφέας: Schlink, Bernhard
Άλλοι συγγραφείς: Κοπερτί, Ιάκωβος (Μεταφραστής)
Μορφή: Βιβλίο
Γλώσσα:Greek
German
Δημοσίευση: Αθήνα : Κριτική, c1997.
Σειρά:Εν πλω (Κριτική) ; 1
Θέματα:
Ετικέτες: Προσθήκη ετικέτας
Δεν υπάρχουν, Καταχωρήστε ετικέτα πρώτοι!

MARC

LEADER 00000cam a2200000 i 4500
001 1/38023
008 061122s1997 gr | ||| |||| ||gre||
020 |a 9602181540 
035 |l 10086244  
040 |a GR-MyUa  |b gre  |e AACR2  
041 1 |a gre  |h ger 
082 7 |a 833.914   |2 (22)  
100 1 |a Schlink, Bernhard. 
245 1 0 |a Διαβάζοντας στη Χάννα /   |c Bernhard Schlink ; μετάφραση: Ιάκωβος Κοπερτί.  
260 |a Αθήνα :   |b Κριτική,   |c c1997.  
300 |a 205 σ. ;   |c 21 εκ.  
490 1 |a (Εν πλω / Κριτική ;   |v 1)  
501 |a Με : Απόδοση δικαιοσύνης / Bernhard Schlink, Walter Popp. Αθήνα : Κριτική, 1998. Δεμένα μαζί μετά τη δημοσίευσή τους.  
650 0 |a German fiction  |y 20th century. 
650 0 |a German literature  |y 20th century. 
700 1 |a Κοπερτί, Ιάκωβος,  |e trl 
740 0 |a Απόδοση δικαιοσύνης 
765 0 8 |i Μετάφραση του:   |t Der Vorleser :  
830 0 |a Εν πλω (Κριτική)  |v  ; 1 
852 |a INST  |b RHODES  |c KRI  |e 20061122  |h  833.914 SCH  |p 005400023898  |q 005400023898  |t BK  |y 0 
901 |a BIBL4-2006-3 
970 |a Κόζα   |b Μαρία   |z 2006/11/22